000 00303nam a2200133Ia 4500
100 _aKumar/A/ Dev/R
650 _aAutomobiles
942 _cBK
654 _aMotor Mechanic Solved Papers
245 _aMotor Mechanic Solved Papers
260 _bNew Heights
_aNew Delhi
546 _aHINDI
999 _c24713
_d24713